[Event "Mechanics' Winter TNM; 30/90, SD/30"]
[Site "San Francisco"]
[Date "2011.01.18"]
[Round "3.4"]
[White "Traub, Igor"]
[Black "Zavadsky, Peter"]
[Result "1/2-1/2"]
[WhiteElo "2097"]
[BlackElo "2295"]
[Annotator "Donaldson"]
[PlyCount "91"]
[EventDate "2011.??.??"]

1. Nf3 d5 2. g3 Nf6 3. Bg2 Nbd7 4. d4 e6 5. O-O Bd6 6. c4 c6 7. b3 (7. Nc3 O-O
8. Nd2 {aiming for e4 is a promising continuation.}) 7... O-O 8. Nc3 Re8 9. e4
$5 Bb4 10. Bb2 Bxc3 11. Bxc3 Nxe4 12. Bb2 {
White has positional compensation for the pawn.} b6 13. Rc1 Bb7 14. h4 a5 15.
Ne5 Nxe5 16. dxe5 Nc5 17. Qe2 Qc8 18. Rfd1 Ba6 19. Qe3 Qb7 20. Ba3 Nd7 21. Bd6
Rac8 22. h5 Qa7 23. Rd4 (23. h6 $1 g6 24. Qf4 {was a strong alternative.})
23... f5 24. g4 (24. exf6 Nxf6 25. h6) 24... c5 25. Rf4 d4 26. Qf3 Nf8 27. gxf5
exf5 28. Rxf5 Ne6 29. Qd5 Rcd8 30. Rd1 h6 31. Rd3 Kh8 32. Rg3 Rd7 33. Rg6 Bb7
34. Rxe6 (34. Qxe6 $3 Rxe6 35. Rxe6 Bxg2 (35... Qa8 36. Bxb7 Rxb7 37. Rf8+) (
35... Rd8 36. Re7 d3 37. Rxb7) 36. Re8+ Kh7 37. Rff8 g5 38. Rh8+ Kg7 39. Reg8+
Kf7 40. Rg6 Rxd6 41. exd6 d3 42. d7 {wins.}) 34... Red8 $4 (34... Rg8 $1 {
would have turned the tables.}) 35. Rxh6+ gxh6 36. Qe6 Bxg2 37. Qxh6+ Kg8 38.
Qg5+ (38. e6 $3 Rxd6 (38... Rg7 39. e7 Rxe7 40. Bxe7 Qxe7 41. Rg5+) 39. Rg5+)
38... Kh8 39. Qf6+ (39. e6 $1) 39... Kh7 40. Qg6+ Kh8 41. Qh6+ (41. e6 $1)
41... Kg8 42. Rf8+ $4 (42. e6 $1) 42... Rxf8 43. Qxf8+ Kh7 44. Qf5+ Kg8 45.
Qe6+ Kh7 46. Qg6+ 1/2-1/2

[Event "Mechanics' Winter TNM; 30/90, SD/30"]
[Site "San Francisco"]
[Date "2011.02.08"]
[Round "6.3"]
[White "Zavadsky, Peter"]
[Black "Krasnov, Steven"]
[Result "1-0"]
[WhiteElo "2295"]
[BlackElo "1964"]
[PlyCount "59"]
[EventDate "2011.??.??"]

1. d4 Nf6 2. c4 e6 3. g3 b6 4. Bg2 d5 5. Nf3 Bb4+ 6. Nc3 O-O 7. Bg5 Bb7 8. cxd5
Bxd5 9. O-O Bb7 10. Rc1 Nbd7 11. Qb3 Be7 12. Rfd1 h6 13. Bf4 a6 14. Qc2 b5 15.
a3 Rc8 16. Ne5 Bxg2 17. Kxg2 c6 18. Ne4 Nxe5 19. Nxf6+ gxf6 20. dxe5 Qb6 21.
Bxh6 Rfd8 22. Qe4 f5 23. Qf4 c5 24. Bg5 Qb7+ 25. f3 c4 26. Bf6 Bxf6 27. exf6
Rd5 28. Qg5+ Kf8 29. Qg7+ Ke8 30. Qg8+ 1-0

[Event "Mechanics' Winter TNM; 30/90, SD/30"]
[Site "San Francisco"]
[Date "2011.02.22"]
[Round "8.4"]
[White "Zavadsky, Peter"]
[Black "Manvelyan, Hovik"]
[Result "1-0"]
[WhiteElo "2295"]
[BlackElo "1992"]
[PlyCount "73"]
[EventDate "2011.??.??"]

1. e4 e6 2. d4 d5 3. Nc3 Bb4 4. e5 Qd7 5. a3 Be7 6. Nf3 Nc6 7. Bd3 b6 8. O-O
Bb7 9. Ne2 h6 10. b4 a5 11. b5 Na7 12. Rb1 f5 13. exf6 Bxf6 14. Nf4 Ne7 15. Re1
O-O-O 16. Nxe6 g5 17. Nxd8 Rxd8 18. a4 Qd6 19. Rb3 Ng8 20. Ba3 Qd7 21. Ne5 Qg7
22. Bf5+ Kb8 23. Rbe3 Bc8 24. Qf3 g4 25. Nxg4 Bxd4 26. Rd3 Bxf5 27. Qxf5 Nc8
28. h3 Nge7 29. Qf4 Bc3 30. Re6 h5 31. Ne3 Rf8 32. Qh4 Be1 33. Nd1 Rg8 34. g3
Nf5 35. Qf4 Nxg3 36. Rxg3 Bxf2+ 37. Kxf2 1-0

[Event "Mechanics' Winter TNM; 30/90, SD/30"]
[Site "San Francisco"]
[Date "2011.01.11"]
[Round "2.8"]
[White "Zavadsky, Peter"]
[Black "Ramachandran, Jayakrishnan"]
[Result "1-0"]
[WhiteElo "2295"]
[BlackElo "1913"]
[PlyCount "115"]
[EventDate "2011.??.??"]

1. d4 Nf6 2. c4 e6 3. g3 d5 4. Bg2 Nbd7 5. Nf3 g6 6. O-O Bg7 7. Bg5 h6 8. Bf4
O-O 9. Qc1 Kh7 10. Ne5 c6 11. Rd1 Nh5 12. Nxd7 Bxd7 13. Bd6 Re8 14. c5 Bf8 15.
Bxf8 Rxf8 16. Nc3 f5 17. e3 Qc7 18. Qc2 Nf6 19. f4 Be8 20. b4 g5 21. a4 Bh5 22.
Rf1 a6 23. b5 a5 24. Rab1 Rfb8 25. Rb2 Bg6 26. Rfb1 Nd7 27. Nd1 g4 28. Nf2 h5
29. h4 Kg7 30. Bf1 Be8 31. Nd3 Qd8 32. Rb3 Nf6 33. Ne5 Nd7 34. Nd3 Nf6 35. R1b2
cxb5 36. axb5 b6 37. Ne5 Rc8 38. c6 Ra7 39. Bd3 Qd6 40. Rc3 Rcc7 41. Kg2 Nh7
42. Qa4 Nf8 43. Rf2 Ng6 44. Qc2 Ne7 45. Kh2 Ng6 46. Bxf5 exf5 47. Qxf5 Nh8 48.
Qc2 Ng6 49. e4 Nxe5 50. fxe5 Qd8 51. Rf6 dxe4 52. Qxe4 Bf7 53. Rd6 Qh8 54. e6
Bg6 55. Qe5+ Kh7 56. Rd7+ Rxd7 57. Qxh8+ Kxh8 58. cxd7 1-0